|
|
|
|
| LEADER |
00000nab a2200000 a 4500 |
| 001 |
vtls000195955 |
| 003 |
SK-MaSNL |
| 005 |
20260304112528.0 |
| 008 |
250422c1984 xo 0 slo |
| 015 |
|
|
|a SNBRB19rr/mm-uuuuu
|
| 035 |
|
|
|a CL0206068
|
| 035 |
|
|
|a urn:nbn:sk:snk-ab2is6
|
| 035 |
|
|
|a (urnnbn)urn:nbn:sk:snk:ar-a02h8k
|
| 035 |
|
|
|a (uuid)7ee21aee-550b-4807-9e17-182a8bbdc52f
|
| 040 |
|
|
|a SNKBUCL
|b slo
|c SNKBUCL
|e AACR2
|
| 041 |
0 |
|
|a slo
|
| 044 |
|
|
|a xo
|c SK
|
| 080 |
|
|
|a 331.225:69
|2 1981
|
| 080 |
|
|
|a 69
|2 1981
|
| 080 |
|
|
|a 331.225
|2 1981
|
| 100 |
1 |
|
|a Schwartzová, Viera
|4 aut
|9 1156282
|
| 245 |
1 |
0 |
|a Hmotná zainteresovanosť v průmyslových podnicích
|c Viera Schwartzová ; Jozef Valach
|
| 650 |
0 |
7 |
|a priemyselné podniky
|2 snkbucl
|9 2346
|
| 650 |
0 |
7 |
|a hmotná zainteresovanosť
|2 snkbucl
|9 83224
|
| 655 |
|
7 |
|a články z novín a časopisov
|2 snkbucl
|9 267496
|
| 700 |
1 |
|
|a Valach, Jozef a kol.
|4 aut
|9 1414491
|
| 773 |
0 |
|
|t Ekonomika stavebníctva
|g Roč. 19, č. 6 (1984), s. 192
|
| 787 |
0 |
8 |
|i Rec.:
|a Valach, Jozef a kol.
|t Hmotná zainteresovanost v průmyslových podnicích
|d Praha : SNTL
|
| 850 |
|
|
|a Slovenská národná knižnica
|
| 852 |
|
|
|a Slovenská národná knižnica
|
| 954 |
|
|
|a odborná, vedecká literatúra pôvodná (slovenská)
|2 lita
|
| 958 |
|
|
|a article27
|
| 958 |
|
|
|a RK
|
| 958 |
|
|
|a CZ
|
| 958 |
|
|
|a OND
|
| 958 |
|
|
|a EUIPO
|
| 992 |
|
|
|a RBX
|
| 999 |
|
|
|c 2866140
|d 2868070
|